[Event "Wch Amateurs U1700"]
[Site "Rhodes"]
[Date "2024.10.27"]
[Round "1"]
[White "Katsiolis, Orestis"]
[Black "Pusceddu, Michele"]
[Result "0-1"]
[WhiteElo "1413"]
[BlackElo "1687"]
[PlyCount "62"]
[EventDate "2024.10.27"]
[EventType "swiss"]
[EventRounds "9"]
[EventCountry "GRE"]
[SourceTitle "CB45_2024"]
[Source "ChessBase"]
[SourceDate "2024.11.06"]
[SourceVersion "1"]
[SourceVersionDate "2024.11.06"]
[SourceQuality "1"]

1. e4 c5 2. Nf3 d6 3. h3 a6 4. c3 Nf6 5. Be2 Nc6 6. d3 g6 7. Bg5 Bg7 8. Bxf6 Bxf6 9. d4 cxd4 10. cxd4 Qb6 11. Nc3 Qxb2 12. Nd5 0-0 13. Nxf6+ exf6 14. 0-0 Re8 15. Qd3 Qb6 16. Rab1 Qd8 17. d5 Nb8 18. Nd2 Nd7 19. f4 f5 20. exf5 Nc5 21. Qf3 Bxf5 22. Rb2 Qf6 23. Rb6 Qd4+ 24. Rf2 Qxd2 25. Bb5 Re1+ 26. Kh2 Qa5 27. Rxd6 Qxb5 28. g4 Be4 29. Qc3 Re2 30. Qg3 Qb1 31. Qg1 Re1 0-1